书目信息 |
| 题名: |
大象的生活艺术
|
|
| 作者: | 丹尼斯-霍特 , 丹尼斯-霍特 著 ;韦建华 , 韦丽华 译 | |
| 分册: | ||
| 出版信息: | 桂林 漓江出版社 2013 |
|
| 页数: | 235页 | |
| 开本: | 23cm | |
| 丛书名: | ||
| 单 册: | ||
| 中图分类: | Q959.845 , Q959.8 | |
| 科图分类: | ||
| 主题词: | 长鼻目--普及读物 | |
| 电子资源: | ||
| ISBN: | 978-7-5407-6611-5 | |
| 000 | 01258nam0 2200289 450 | |
| 001 | 2339969500 | |
| 005 | 20231231110646.36 | |
| 010 | @a978-7-5407-6611-5@dCNY 68.00 | |
| 100 | @a20140107d2013 em y0chiy0120 ea | |
| 101 | 1 | @achi@cfre |
| 102 | @aCN@b450000 | |
| 105 | @aa z 000yy | |
| 200 | 1 | @a大象的生活艺术@Ada xiang de sheng huo yi shu@b专著@dThe art of being an elephant@f(法)米歇尔·丹尼斯-霍特,(法)克丽丝汀·丹尼斯-霍特著@g韦建华,韦丽华译@zeng |
| 210 | @a桂林@c漓江出版社@d2013 | |
| 215 | @a235页@c彩图@d23cm | |
| 300 | @a自然人文馆 | |
| 330 | @a本书作者通过实地考察和拍摄,以颇富生活气息的图片和深入浅出的文字,对大象与人类的“互动”、大象的生理结构、进化史、社群特点,以及其玩耍、交配、照料幼儿、抵御外敌入侵、寻找食物和水源等日常生活进行详细描述,为读者提供了一幅大象(主要是非洲大象)生活画卷。 | |
| 510 | 1 | @aArt of being an elephant@zeng |
| 606 | 0 | @a长鼻目@j普及读物 |
| 690 | @aQ959.845@v5 | |
| 690 | @aQ959.8@v4 | |
| 701 | 0 | @c(法)@a丹尼斯-霍特@Adan ni si huo te@c(Denis-Huot, Michel@f1953 )@4著 |
| 701 | 0 | @c(法)@a丹尼斯-霍特@Adan ni si huo te@c(Denis-Huot, Christine@f1954 )@4著 |
| 702 | 0 | @a韦建华@Awei jian hua@4译 |
| 702 | 0 | @a韦丽华@Awei li hua@4译 |
| 801 | 2 | @aCN@b辽宁北配@c20231205 |
| 905 | @aBZT@dQ959.8@e7 | |
| 大象的生活艺术=The art of being an elephant/(法)米歇尔·丹尼斯-霍特,(法)克丽丝汀·丹尼斯-霍特著/韦建华,韦丽华译.-桂林:漓江出版社,2013 |
| 235页:彩图;23cm |
| 自然人文馆 |
| ISBN 978-7-5407-6611-5:CNY 68.00 |
| 本书作者通过实地考察和拍摄,以颇富生活气息的图片和深入浅出的文字,对大象与人类的“互动”、大象的生理结构、进化史、社群特点,以及其玩耍、交配、照料幼儿、抵御外敌入侵、寻找食物和水源等日常生活进行详细描述,为读者提供了一幅大象(主要是非洲大象)生活画卷。 |
| ● |
| 相关链接 |
|
|
|
正题名:大象的生活艺术
索取号:Q959.8/7
 
预约/预借
| 序号 | 登录号 | 条形码 | 馆藏地/架位号 | 状态 | 备注 |
| 1 | 2001733177 | 2001733177 | 辽三/辽宁北配(第三批)/4513/ [索取号:Q959.8/7] | 在馆 | |
| 2 | 2001733178 | 2001733178 | 辽三/辽宁北配(第三批)/4513/ [索取号:Q959.8/7] | 在馆 | |
| 3 | 2001733179 | 2001733179 | 辽三/辽宁北配(第三批)/4513/ [索取号:Q959.8/7] | 在馆 | |
| 4 | 2001733180 | 2001733180 | 辽三/辽宁北配(第三批)/4513/ [索取号:Q959.8/7] | 在馆 | |
| 5 | 2001733181 | 2001733181 | 辽三/辽宁北配(第三批)/4513/ [索取号:Q959.8/7] | 在馆 | |
| 6 | 2001733182 | 2001733182 | 辽三/辽宁北配(第三批)/4513/ [索取号:Q959.8/7] | 在馆 | |
| 7 | 2001733183 | 2001733183 | 辽三/辽宁北配(第三批)/4513/ [索取号:Q959.8/7] | 在馆 | |
| 8 | 2001733184 | 2001733184 | 辽三/辽宁北配(第三批)/4513/ [索取号:Q959.8/7] | 在馆 | |
| 9 | 2001733185 | 2001733185 | 辽三/辽宁北配(第三批)/4513/ [索取号:Q959.8/7] | 在馆 | |
| 10 | 2001733186 | 2001733186 | 辽三/辽宁北配(第三批)/4513/ [索取号:Q959.8/7] | 在馆 | |
| 11 | 2001733187 | 2001733187 | 辽三/辽宁北配(第三批)/4513/ [索取号:Q959.8/7] | 在馆 | |
| 12 | 2001733188 | 2001733188 | 辽三/辽宁北配(第三批)/4513/ [索取号:Q959.8/7] | 在馆 | |
| 13 | 2001733189 | 2001733189 | 辽三/辽宁北配(第三批)/4513/ [索取号:Q959.8/7] | 在馆 | |
| 14 | 2001733190 | 2001733190 | 辽三/辽宁北配(第三批)/4513/ [索取号:Q959.8/7] | 在馆 | |
| 15 | 2001733191 | 2001733191 | 辽三/辽宁北配(第三批)/4513/ [索取号:Q959.8/7] | 在馆 | |
| 16 | 2001733192 | 2001733192 | 辽三/辽宁北配(第三批)/4513/ [索取号:Q959.8/7] | 在馆 | |
| 17 | 2001733193 | 2001733193 | 辽三/辽宁北配(第三批)/4513/ [索取号:Q959.8/7] | 在馆 | |
| 18 | 2001733194 | 2001733194 | 辽三/辽宁北配(第三批)/4513/ [索取号:Q959.8/7] | 在馆 | |
| 19 | 2001733195 | 2001733195 | 辽三/辽宁北配(第三批)/4513/ [索取号:Q959.8/7] | 在馆 | |
| 20 | 2001733196 | 2001733196 | 辽三/辽宁北配(第三批)/4513/ [索取号:Q959.8/7] | 在馆 | |
| 21 | 2001733197 | 2001733197 | 辽三/辽宁北配(第三批)/4513/ [索取号:Q959.8/7] | 在馆 | |
| 22 | 2001733198 | 2001733198 | 辽三/辽宁北配(第三批)/4513/ [索取号:Q959.8/7] | 在馆 | |
| 23 | 2001733199 | 2001733199 | 辽三/辽宁北配(第三批)/4513/ [索取号:Q959.8/7] | 在馆 | |
| 24 | 2001733200 | 2001733200 | 辽三/辽宁北配(第三批)/4513/ [索取号:Q959.8/7] | 在馆 | |
| 25 | 2001733201 | 2001733201 | 辽三/辽宁北配(第三批)/4513/ [索取号:Q959.8/7] | 在馆 | |
| 26 | 2001733202 | 2001733202 | 辽三/辽宁北配(第三批)/4513/ [索取号:Q959.8/7] | 在馆 | |
| 27 | 2001733203 | 2001733203 | 辽三/辽宁北配(第三批)/4513/ [索取号:Q959.8/7] | 在馆 | |
| 28 | 2001733204 | 2001733204 | 辽三/辽宁北配(第三批)/4513/ [索取号:Q959.8/7] | 在馆 | |
| 29 | 2001733205 | 2001733205 | 辽三/辽宁北配(第三批)/4513/ [索取号:Q959.8/7] | 在馆 | |
| 30 | 2001733206 | 2001733206 | 辽三/辽宁北配(第三批)/4513/ [索取号:Q959.8/7] | 在馆 |